| 000 | 01235nam a2200289Ia 4500 | ||
|---|---|---|---|
| 001 | ebr10267475 | ||
| 003 | CaPaEBR | ||
| 006 | m u | ||
| 007 | cr cn||||||||| | ||
| 008 | 080702s2008 dcua s 000 0 eng d | ||
| 010 | _z 2008932442 | ||
| 020 | _z9781586038991 | ||
| 040 |
_aCaPaEBR _cCaPaEBR |
||
| 035 | _a(OCoLC)605384697 | ||
| 050 | 1 | 4 |
_aHE199.5.D3 _bA38 2008eb |
| 245 | 0 | 0 |
_aAdvanced technologies and methodologies for risk management in the global transport of dangerous goods _h[electronic resource] / _cedited by Chiara Bersani...[et al.]. |
| 260 |
_aWashington, DC : _bIOS Press, _c2008. |
||
| 300 |
_axii, 333 p. : _bill. |
||
| 490 | 0 |
_aNato science for peace and security series - e: human and societal dynamics ; _vv. 45 |
|
| 533 |
_aElectronic reproduction. _bPalo Alto, Calif. : _cebrary, _d2009. _nAvailable via World Wide Web. _nAccess may be limited to ebrary affiliated libraries. |
||
| 650 | 0 |
_aHazardous substances _xTransportation. |
|
| 650 | 0 | _aRisk management. | |
| 655 | 7 |
_aElectronic books. _2local |
|
| 700 | 1 | _aBersani, Chiara. | |
| 710 | 2 | _aebrary, Inc. | |
| 856 | 4 | 0 |
_uhttp://site.ebrary.com/lib/rucke/Doc?id=10267475 _zAn electronic book accessible through the World Wide Web; click to view |
| 999 |
_c9499 _d9499 |
||